000 01581cam a22004694i 4500
003 PE-LiUPU
005 20250731173150.0
008 150623s1999 caua r 000 0 eng d
020 _a1887983147
035 _a(Sirsi) i9781887983143
040 _aPE-LiUPU
_bspa
_cPE-LiUPU
_erda
049 _aPRUA
082 0 4 _a266.001
_bV28F
_221
100 1 _aVan Engen, Charles Edward,
_eautor.
245 1 0 _aFootprints of God :
_ba narrative theology of mission /
_cCharles Van Engen.
264 1 _aMonrovia, California :
_bMarc,
_c1999.
300 _a235 páginas :
_bilustraciones ;
_c23 centímetros
336 _atext
_2rdacontent
337 _aunmediated
_2rdamedia
338 _avolume
_2rdacarrier
505 0 _aMission of the way.
526 _aSEG42
526 _aSEG41
526 _aSEG40
526 _aSEG39
526 _aP94
526 _aP87
526 _aP86
526 _aP85
526 _aP77
526 _aP76
526 _aP35
650 0 4 _aMisión de la iglesia e internet.
650 0 4 _aMisión de la iglesia
_xTeoría.
650 0 4 _aMisioneros
_xBiografía.
942 _2ddc
_cBOOK
949 _a266.001 V28F
_wDEWEY
_c1
_i53417
_lCCODEBUL1
_mBUL
_p19.00
_r0
_sY
_tBOOK
_u2015-6-24
_xTEOLOGIA
_PP35
_0COMPRA
_o.STAFF. Colección General
994 _aC0
_bPEPRU
596 _a1
999 _a266.001 V28F
_wDEWEY
_c35389
_i53417
_d35389
_e2017-10-26
_f2021-11-10
_g5
_lCCODEBUL1
_mBUL
_n1
_p19.00
_q2
_r0
_sY
_tBOOK
_u2015-6-24
_xTEOLOGIA
_PP35
_0COMPRA
_o.STAFF. Colección Teología
980 _81
_gALBERTO SANCHEZ Responsable de Automatización